|
|
|
|
| LEADER |
00798nam#a2200241#a#4500 |
| 001 |
006840 |
| 005 |
20160721144124.0 |
| 008 |
010112s1998||||ag d |#| #00|#0#spa#d |
| 020 |
|
|
|a 9879064313
|
| 040 |
|
|
|a AR-beUNQ
|
| 099 |
|
|
|a 30-T27
|
| 100 |
1 |
|
|a Topcic, D. Osvaldo
|
| 245 |
0 |
2 |
|a Historia de la provincia de Santa Cruz :
|b desde el retiro de los hielos patagónicos hasta el ocaso de los tehuelches
|c D. Osvaldo Topcic.
|
| 260 |
|
|
|a Córdoba :
|b Centro de Estudios Históricos,
|c 1998
|
| 300 |
|
|
|a 298 p. :
|b tablas
|
| 650 |
|
7 |
|a HISTORIA
|2 Spines
|
| 650 |
|
7 |
|a PROVINCIAS
|2 Spines
|
| 651 |
|
7 |
|a ARGENTINA
|2 Spines
|
| 651 |
|
7 |
|a SANTA CRUZ
|2 Spines
|
| 653 |
|
|
|a TEHUELCHES
|
| 929 |
|
|
|a COMPRA
|b Centro de Estudios Históricos
|d 4,00E
|e 20000228
|f patrimonio
|j 28400
|
| 942 |
|
|
|c LIB
|n 0
|
| 999 |
|
|
|c 9520
|d 84907
|